Calibración de ecuaciones de transferencia por fatiga de pavimentos asfálticos a partir de ensayos a escala natural
Kaydedildi:
| Yazar: | |
|---|---|
| Diğer Yazarlar: | |
| Materyal Türü: | Kitap |
| Dil: | Spanish |
| Baskı/Yayın Bilgisi: |
[San José], Costa Rica,
2020
|
| Konular: | |
| Etiketler: |
Etiketle
Etiket eklenmemiş, İlk siz ekleyin!
|
MARC
| LEADER | 00000nam a2200000Ia 4500 | ||
|---|---|---|---|
| 003 | 013260 | ||
| 005 | 20230317113550.0 | ||
| 008 | 140114s2020 cr a 000 ||spa d | ||
| 040 | |c cru CEDI | ||
| 100 | |a Quirós Cascante, Maureen Fabiana, 1994- |9 286 | ||
| 245 | |a Calibración de ecuaciones de transferencia por fatiga de pavimentos asfálticos a partir de ensayos a escala natural | ||
| 260 | |a [San José], Costa Rica, |c 2020 | ||
| 500 | |a Proyecto de graduación (licenciatura en ingeniería civil)-- Universidad de Costa Rica. Facultad de Ingeniería. Escuela de Ingeniería Civil | ||
| 501 | |a Director de Proyecto de Graduación: Ing. José Pablo Aguiar Moya, Ph.D | ||
| 650 | |x PAVIMENTOS DE ASFALTO - MODELOS MATEMATICOS |x ENSAYOS DE MATERIALES |x PAVIMENTOS DE ASFALTO |x PAVIMENTOS DE ASFALTO - FATIGA - MODELOS MATEMATICOS |x PAVIMENTOS DE ASFALTO - FATIGA - PRUEBAS | ||
| 700 | |9 135 |a Aguiar Moya, José Pablo, 1981- |d Director del TFG | ||
| 942 | |c CEDI |h TFG 8411 |6 TFG_8411_000000000000000 | ||
| 999 | |c 12962 |d 12962 | ||
